000 00542nam a2200181 a 4500
005 20140310183216.0
008 030528s19uu xx 00 eng d
020 _a0471097500
050 _aHF 5549
_b.B89 1983
100 _aBurley-Allen, Madelyn
245 _aManaging assertively :
_bhow to improve your people skills /
_cMadelyn Burley-Allen.
260 _aNew York :
_bJohn Wiley & Sons, Inc,
_c1983.
300 _a178 p. :
_c25 cm.
521 _aBSBA
650 _aSupervision of employees
942 _cBK
_2lcc
_kFOR
999 _c20241
_d20241